| 000 | 00627cam a2200205 4500500 | ||
|---|---|---|---|
| 005 | 20260405002611.0 | ||
| 041 | _afre | ||
| 042 | _adc | ||
| 100 | 1 | 0 |
_aEltchaninoff, Michel _eauthor |
| 245 | 0 | 0 | _a“Changer, c’est trop dur !” Nos lecteurs témoignent |
| 260 | _c2017. | ||
| 500 | _a38 | ||
| 690 | _achangement | ||
| 690 | _aFlorilège | ||
| 690 | _aHabitude | ||
| 690 | _aLecteurs | ||
| 690 | _aParole | ||
| 786 | 0 | _nPhilosophie magazine | 115 | 12-1 | 2017-12-01 | p. 22-22 | 1951-1787 | |
| 856 | 4 | 1 | _uhttps://shs.cairn.info/magazine-philosophie-magazine-2017-12-1-page-22?lang=fr&redirect-ssocas=7080 |
| 999 |
_c2059184 _d2059184 |
||